000 01667nam a22004217a 4500
003 CHAP
005 20220329143331.0
008 080909s2008 mx a r 00010 spa d
010 _a95105
011 _a96077
035 _a106718
040 _cCHAP
090 _aTesis
100 1 _aEspinosa Herrera, José Manuel.
_937953
245 1 0 _aPrograma de cómputo para el cálculo de transferencia de calor unidimensional a través de paredes con diferentes geometrías
_c/por José Manuel Espinosa Herrera
260 _aChapingo, Méx. :
_bEl autor,
_c2008
300 _axi, 133 h. :
_bilus., gráfs., cuadros
502 _aTesis (Ing. Agroindustrial) -- UACH. departamento de Ingeniería Agroindustrial
530 _aTambién disponible en línea
590 _aALEPH
_b10
_c20130110
_lUCH01
_h1523
590 _aBATCH-UPD
_b10
_c20130110
_lUCH01
_h0536
590 _aBATCH-UPD
_b10
_c20130410
_lUCH01
_h0216
590 _aBATCH-UPD
_b10
_c20130914
_lUCH01
_h0820
590 _aBATCH-UPD
_b10
_c20140324
_lUCH01
_h1507
590 _aBATCH-UPD
_b10
_c20141002
_lUCH01
_h0836
590 _aCONVERSION
_b10
_c20130109
_lUCH01
_h1353
650 1 4 _aCalor
_xTransmisión.
_917579
650 1 4 _aConductividad térmica.
_926347
650 1 4 _aProcesamiento automático de datos en la industria alimentaria.
_991797
650 1 4 _aTermodinámica.
_9112366
650 1 4 _aVapor.
_9117901
856 _3Finding aid
_uhttp://10.13.5.2/tesis/106718.pdf
_zTeclea aqui
901 _aBK
905 _aluigm
942 _cFOLL
949 _aTesis
_bBC
_cTES
_d33724002067603
_eTS2
_fc.2
_gDonaciØn
_h48008
_i106718
_sb
949 _aTesis
_bBC
_cTES
_d33724002067644
_eTS1
_gDonaciØn
_h48007
_i106718
_sb
999 _c95105
_d95105